000
00320 a2200145 4500
001
163483
020
_a
040
_c
Magnum
100
_a
Mocellin, Renato
240
1
0
_a
Coluna prestes: a grande marcha
_l
por
245
1
0
_a
Coluna prestes: a grande marcha
362
0
_a
1899
697
_a
PARADIDATICO
942
_c
BK
999
_c
163483
_d
163483